|
|
|
|
| LEADER |
00937pam a22002538a 4500 |
| 001 |
00040699 |
| 005 |
20190326100326.0 |
| 008 |
161209s2014 ||||||Chisd |
| 020 |
# |
# |
|c 120000
|a 9786045832097
|
| 041 |
0 |
# |
|a Vie
|
| 082 |
1 |
4 |
|a 398.809 597
|b C100D
|
| 100 |
1 |
# |
|a Thạch, Phương
|e sưu tầm - tuyển chọn
|
| 245 |
1 |
0 |
|a Ca dao Nam trung bộ
|c Thạch Phương; Ngô Quang Hiển
|
| 260 |
# |
# |
|b Tổng hợp Thành phố Hồ Chí Minh
|c 2015
|a Thành phố Hồ Chí Minh
|
| 300 |
# |
# |
|a 414 tr.
|c 24 cm.
|
| 653 |
# |
# |
|a Bài học
|
| 653 |
# |
# |
|a Phương pháp
|
| 653 |
# |
# |
|a Nuôi dạy trẻ
|
| 653 |
# |
# |
|a Cha mẹ
|
| 653 |
# |
# |
|a Gia đình
|
| 700 |
1 |
# |
|a Ngô Quang Hiển
|e sưu tầm - tuyển chọn
|
| 852 |
# |
# |
|j KD.0020429
|j KM.0027115
|j KM.0027116
|
| 910 |
# |
# |
|d 08/01/2018
|e ltkchi
|f 26/03/2019
|
| 980 |
# |
# |
|a Trung tâm Học liệu Lê Vũ Hùng, Trường Đại học Đồng Tháp
|